banner-ar

Word 5.1 For the Mac How to Book / (Record no. 16898)

MARC details
000 -الفاتح
حقل البيانات ثابتة الطول 00343nam a2200133Ia 4500
008 - عناصر البيانات ثابتة الطول - معلومات عامة
حقل البيانات ثابتة الطول 140319s9999 xx 000 0 eng d
040 ## - مصدر الفهرسة
وكالة الفهرسة الأصلية GCL /
وكالة النسخ GCL
082 04 - رقم تصنيف ديوى العشرى
رقم التصنيف 652.5416
رقم المادة M W
100 1# - المدخل الرئيسى - إسم شخصى
الإسم الشخصى MONSFIELD, RON
245 10 - بيان العنوان
العنوان Word 5.1 For the Mac How to Book /
بيان المسئوليه,etc MONSFIELD, RON
260 ## - PUBLICATION, DISTRIBUTION, ETC. (IMPRINT)
تاريخ النشر أو التوزيع 1993
300 ## - الوصف المادى
التعداد 859
260 ## - PUBLICATION, DISTRIBUTION, ETC. (IMPRINT)
-- [S.N] :
-- SYBEX ،
Holdings
حالة التراجع حالة الفقد حالة تلف ليس للاعارة المكان المؤقت الموقع الحالى تاريخ الاكتساب اجمالي اﻻعارات رقم الطلب الباركود تاريخ اخر مشاهدة تاريخ تفعيل السعر نوع وعاء كوها
        مكتبة القاهرة الكبرى مكتبة القاهرة الكبرى 03/26/2014   652.5416\M W 30529 03/26/2014 03/26/2014 كتاب

Powered By

EGPV